| 000 | 00943nam a2200193 a 4500 | ||
|---|---|---|---|
| 001 | 000045794 | ||
| 005 | 20250124114731.0 | ||
| 008 | 150514s2000 dr c 000 0 spa d | ||
| 020 | _a9993410004 | ||
| 040 |
_aDO-SdBNP _bspa _cBNPHU |
||
| 100 | 1 |
_aMoreno Ceballos, Nelson, _d1946- _933018 |
|
| 245 | 1 | 0 |
_aNomenclatura en suicidología clínica. : _bcon un glosario que contiene 290 conceptos y términos usados en suicidología y eutanasia, psicología del enfermo terminal, medicina forense y antropología de la muerte. / _cNelson Moreno-Ceballos. |
| 260 |
_aSanto Domingo : _bBúho, _c2000. |
||
| 300 |
_a200 p. ; : _bretrs. ; _c22 cm. |
||
| 504 | _aBibliografía p: 189-200 | ||
| 500 | _aIncluye datos biografícos del autor en la solapa | ||
| 590 | _aPerteneció a la biblioteca personal de Erick Landestoy | ||
| 500 | _aSección de suicidología de la Asociación Psiquiátrica de América Latina, Instituto de Desarrollo y Salud Integral | ||
| 999 |
_c45283 _d45283 |
||